00709nam a2200289Ia 4500008004100000020001900041100001700060245001600077245001700093260001500110260002000125260000900145300001700154300001000171440001000181650003200191650001500223650002200238650001600260650002400276650002200300650002200322650002200344650002200366650002200388700000900410160803s9999 xx 000 0 und d a978-1416935728 aWalden, Mark aH.I.V.E. :  cMark Walden. aNew York : bScholastic Inc. c2006 a309 pages ;  c22 cm aHive. aArtificial intelligence --  aGenius --  aGood and evil --  aSchools --  aScience fiction --  xJuvenile fiction. xJuvenile fiction. xJuvenile fiction. xJuvenile fiction. xJuvenile fiction. a1040